Ultimate Spider-Man. # 5: Public scrutiny / ... Read More
Available copies
- 1 of 1 copy available at LARL/NWRL Consortium.
Current holds
0 current holds with 1 total copy.
Show Only Available Copies
| Location | Call Number / Copy Notes | Barcode | Shelving Location | Status | Due Date |
|---|---|---|---|---|---|
| Moorhead Public Library | Y G BEN (Text) | 33500011962784 | Main | Available | - |
Record details
- ISBN: 0785110879
- ISBN: 9780785110873
- Physical Description: 1 volume (unpaged) : color illustrations ; 26 cm.
- Publisher: New York : Marvel Comics, ©2003.
Content descriptions
| General Note: | "Contains material originally published in magazine form as Ultimate Spider-Man #28-32"--Title page ... Read More |
| Formatted Contents Note: | Sidetracked -- Stolen identity -- Emergency -- ... Read More |
| Summary, etc.: | Peter Parker, a.k.a. Spider-Man, fights perhaps ... Read More |
Search for related items by subject
| Subject: | Spider-Man (Fictitious character) > Comic books, strips, etc. Heroes > Comic books, strips, etc. Good and evil > Comic books, strips, etc. Graphic novels. |
| Genre: | Graphic novels. Superhero comic books, strips, etc. Science fiction comic books, strips, etc. Comic books, strips, etc. |
Search for related items by series
| LDR | 02218cam a2200505Ia 4500 | ||
|---|---|---|---|
| 001 | 174718 | ||
| 003 | LARL_NWRL_CONSORTIUM | ||
| 005 | 20150120114339.0 | ||
| 008 | 030221s2003 nyua d 6 000 1 eng d | ||
| 019 | . | ‡a52643929 | |
| 020 | . | ‡a0785110879 | |
| 020 | . | ‡a9780785110873 | |
| 035 | . | ‡a(OCoLC)51718690 ‡z(OCoLC)52643929 | |
| 082 | 0 | 4. | ‡a741.5/973 ‡221 |
| 100 | 1 | . | ‡aBendis, Brian Michael. ‡0(LARL_NWRL_CONSORTIUM)141838 |
| 245 | 1 | 0. | ‡aUltimate Spider-Man. ‡n# 5: ‡pPublic scrutiny / ‡cscript, Brian Michael Bendis ; pencils, Mark Bagley ; inks, Art Thibert. |
| 246 | 3 | 0. | ‡aSpider-man, public scrutiny |
| 246 | 3 | 0. | ‡aPublic scrutiny |
| 260 | . | ‡aNew York : ‡bMarvel Comics, ‡c©2003. | |
| 300 | . | ‡a1 volume (unpaged) : ‡bcolor illustrations ; ‡c26 cm. | |
| 336 | . | ‡atext ‡btxt ‡2rdacontent | |
| 337 | . | ‡aunmediated ‡bn ‡2rdamedia | |
| 338 | . | ‡avolume ‡bnc ‡2rdacarrier | |
| 490 | 0 | . | ‡aUltimate Spider-Man ; ‡v5 |
| 490 | 0 | . | ‡aSpider-Man |
| 500 | . | ‡a"Contains material originally published in magazine form as Ultimate Spider-Man #28-32"--Title page verso. | |
| 505 | 0 | 0. | ‡tSidetracked -- ‡tStolen identity -- ‡tEmergency -- ‡tBlack van -- ‡tJust a guy. |
| 520 | . | ‡aPeter Parker, a.k.a. Spider-Man, fights perhaps his most dangerous foe yet--a man on a crime spree dressed up as the web slinger--leading to the destruction of Gwen Stacy's family and threatening his relationship with M.J. | |
| 650 | 0. | ‡aSpider-Man (Fictitious character) ‡vComic books, strips, etc. | |
| 650 | 0. | ‡aHeroes ‡vComic books, strips, etc. ‡0(LARL_NWRL_CONSORTIUM)172392 | |
| 650 | 0. | ‡aGood and evil ‡vComic books, strips, etc. ‡0(LARL_NWRL_CONSORTIUM)172338 | |
| 650 | 0. | ‡aGraphic novels. ‡0(LARL_NWRL_CONSORTIUM)40036 | |
| 655 | 0. | ‡aGraphic novels. | |
| 655 | 0. | ‡aSuperhero comic books, strips, etc. | |
| 655 | 0. | ‡aScience fiction comic books, strips, etc. | |
| 655 | 7. | ‡aComic books, strips, etc. ‡2gsafd | |
| 700 | 1 | . | ‡aBagley, Mark. ‡0(LARL_NWRL_CONSORTIUM)142403 |
| 700 | 1 | . | ‡aThibert, Art. ‡0(LARL_NWRL_CONSORTIUM)116279 |
| 901 | . | ‡a174718 ‡bOCLC ‡c174718 ‡tbiblio | |

Add to basket
Permalink
Disable Highlighting